000 00400nam a22001577a 4500
005 20260310165342.0
008 260310b |||||||| |||| 00| 0 eng d
041 _aeng
082 _a345.5405 -BAR-T
100 _aBARE ACT
245 _aTHE BHARATIYA NAGARIK SURAKSHA SANHITA, 20233 [46 OF 2023]
260 _aDELHI
_bPROFESSIONAL BOOK PUBLISHERS
300 _a398;P
650 _aLAW
942 _cBK
999 _c9076
_d9074